000 00557nam a2200193Ia 4500
008 240729s9999 xx 000 0 und d
022 _a2247-8523
245 0 _aEconomy Informatics
260 _aRomania
260 _bINFOREC Association
650 _a Economic theory. Demography
650 _a Electronic computers. Computer science | Social Sciences
650 _a Instruments and machines
650 _a Mathematics
650 _aScience
856 _uhttps://doaj.org/toc/eca157ea399041c59be743549769390c
942 _2ddc
942 _cDOAJEJ
999 _c71180
_d71180
945 _a1
_bMadushi Gamage
_c1
_dMadushi Gamage